000 01011cam a2200217 4500
008 010905n2001 000 0 eng u
035 _a(Sirsi) u114447
245 _aConsultation on improved structural safety
260 _c2001
490 _aDTLR News Release
_v(373) 31 August 2001 (2)
520 _aThe consultation includes proposed amendments to the Building Regulations Part A which deals with structure. The proposed changes should ensure that all buildings are controlled under the regulations in order to provide consistency of safety levels within the built environment. The consultation paper will be available on the DTLR web site at http:www.bregs.dtlr.gov.uk. Deadline for responses is 30 November 2001.
590 _aWB
650 _aSTRUCTURAL STABILITY
650 _aCAVITY WALL TIES
650 _aBUILDING REGULATIONS PART A
650 _aCONSULTATION PROCESS
650 _aAMENDMENTS
650 _aRISK ANALYSIS
690 _aBUILT ENVIRONMENT-BUILDING STANDARDS
942 _n0
999 _c68170
_d68170